| 000 | 00516nam a2200181Ia 4500 | ||
|---|---|---|---|
| 999 |
_c32041 _d32041 |
||
| 003 | OSt | ||
| 005 | 20200727113155.0 | ||
| 008 | 190216s9999||||xx |||||||||||||| ||und|| | ||
| 020 | _a9788120306363 | ||
| 040 | _coclc | ||
| 082 |
_a512.5 _bDAT/M |
||
| 100 |
_aDatta, K B _93771 |
||
| 245 | 0 |
_aMatrix And Linear Algebra / _cK B Datta |
|
| 260 |
_bPrentice Hall Of India Pvt Ltd, _aNew Delhi: _c2006. |
||
| 300 | _a613p | ||
| 650 | _aMathematics | ||
| 942 |
_cBK _2ddc _h512.5 _iDAT/M _k512.5 _mDAT/M |
||